| 000 | nam a22 7a 4500 | ||
|---|---|---|---|
| 999 |
_c2861 _d2861 |
||
| 005 | 20170518142753.0 | ||
| 008 | 170518b1968 enk||||| |||| 00| 0 eng d | ||
| 040 | _aAKMAL | ||
| 082 | _a658 DEN | ||
| 090 |
_a658 _bDEN |
||
| 245 |
_aStudents' guide to Principles of Management / _cJ. C. Denyer |
||
| 250 | _a2nd ed | ||
| 260 |
_aShropshire, England _bThe Zeus Press _c1968 _c1972 |
||
| 300 |
_a143 p _ccm |
||
| 500 | _aIncludes index | ||
| 942 |
_2ddc _cBOOK |
||